<?xml version="1.0" encoding="UTF-8"?>
<marc:record xmlns:marc="http://www.loc.gov/MARC21/slim">
   <marc:leader>00000nam a2200000 a 4500</marc:leader>
   <marc:datafield ind1="1" ind2=" " tag="100">
      <marc:subfield code="a">McKeown, Patrick</marc:subfield>
      <marc:subfield code="4">aut</marc:subfield>
      <marc:subfield code="e">Verfasser/-in</marc:subfield>
   </marc:datafield>
   <marc:datafield ind1="1" ind2=" " tag="100">
      <marc:subfield code="a">Achter, Carmen</marc:subfield>
   </marc:datafield>
   <marc:datafield ind1=" " ind2=" " tag="653">
      <marc:subfield code="a">Sachbuch</marc:subfield>
   </marc:datafield>
   <marc:datafield ind1=" " ind2=" " tag="653">
      <marc:subfield code="a">Atmung</marc:subfield>
   </marc:datafield>
   <marc:datafield ind1=" " ind2=" " tag="653">
      <marc:subfield code="a">Heilung</marc:subfield>
   </marc:datafield>
   <marc:datafield ind1=" " ind2=" " tag="653">
      <marc:subfield code="a">Corona</marc:subfield>
   </marc:datafield>
   <marc:datafield ind1=" " ind2=" " tag="653">
      <marc:subfield code="a">Covid 19</marc:subfield>
   </marc:datafield>
   <marc:datafield ind1="0" ind2="0" tag="245">
      <marc:subfield code="a">Atme und heile dich selbst</marc:subfield>
   </marc:datafield>
   <marc:datafield ind1="0" ind2="0" tag="245">
      <marc:subfield code="b">wissenschaftlich belegte Atemtechniken für ein gesünderes, glücklicheres und längeres Leben</marc:subfield>
   </marc:datafield>
   <marc:datafield ind1="0" ind2="0" tag="245">
      <marc:subfield code="c">McKeown, Patrick</marc:subfield>
   </marc:datafield>
   <marc:datafield ind1=" " ind2="1" tag="264">
      <marc:subfield code="a">München</marc:subfield>
      <marc:subfield code="b">riva</marc:subfield>
      <marc:subfield code="c">2022</marc:subfield>
   </marc:datafield>
   <marc:datafield ind1=" " ind2=" " tag="250">
      <marc:subfield code="a">1. Auflage</marc:subfield>
   </marc:datafield>
   <marc:datafield ind1="1" ind2=" " tag="520">
      <marc:subfield code="a">Atme und heile dich selbst  : Wissenschaftlich belegte Atemtechniken für ein gesünderes, glücklicheres und längeres Leben. Gegen Covid-19, Stress, Asthma, Diabetes, Rückenschmerzen, Allergien, Schlafstörungen, Verspannungen, Schnarchen, Schlafapnoe, PMS, Bluthochdruck, Migräne  / von Patrick McKeown&#xD;
&#xD;
Das neue Werk des Bestsellerautors Patrick McKeown ist einzigartig: Basierend auf den neuesten wissenschaftlichen Erkenntnissen vereint es das geballte Wissen rund um die Atmung und ihre Wirkung auf unseren Körper. Umfassend, detailreich und für jeden sofort umsetzbar erklärt der Atemexperte Patrick McKeown, wie essenziell Atmung für unsere Gesundheit ist, führt in die Buteyko-Methode ein und beschreibt unterschiedliche Atemtechniken und deren Anwendung, um den Körper zu stärken und zahlreiche Beschwerden zu bekämpfen. Ob Diabetes, Epilepsie, PMS, Rückenschmerzen oder auch Post-Covid-19 – all diese und viele weitere Erkrankungen und Beschwerden hängen auch mit der falschen Atmung zusammen. Im Umkehrschluss haben wir die Heilung jedoch selbst in der Hand: Die Buteyko-Atemmethode ist der Schlüssel zu unserer Gesundheit. Mit der von Profisportlern und Ärzten getesteten Technik lernt man, die Sauerstoffaufnahme zu optimieren und dadurch das Nervensystem zu beruhigen und die Lungenfunktion zu verbessern. Das steigert nicht nur das allgemeine Wohlbefinden, sondern macht widerstandsfähiger und verhilft zu einem langen, glücklichen und gesunden Leben.</marc:subfield>
   </marc:datafield>
   <marc:datafield ind1=" " ind2=" " tag="020">
      <marc:subfield code="a">9783742319210</marc:subfield>
      <marc:subfield code="9">9783742319210</marc:subfield>
   </marc:datafield>
   <marc:datafield ind1=" " ind2=" " tag="020">
      <marc:subfield code="a">3742319213</marc:subfield>
      <marc:subfield code="9">3742319213</marc:subfield>
   </marc:datafield>
   <marc:datafield ind1=" " ind2=" " tag="041">
      <marc:subfield code="a">ger</marc:subfield>
   </marc:datafield>
   <marc:datafield ind1=" " ind2=" " tag="300">
      <marc:subfield code="b">Illustrationen, Grafiken</marc:subfield>
   </marc:datafield>
   <marc:datafield ind1=" " ind2=" " tag="338">
      <marc:subfield code="a">Band</marc:subfield>
   </marc:datafield>
   <marc:datafield ind1=" " ind2=" " tag="300">
      <marc:subfield code="a">619 Seiten</marc:subfield>
   </marc:datafield>
</marc:record>
